000
00328nam a22001457a 4500
003
SGT
082
_a
616.0757
_b
R15B
100
_a
BHARGVA, SATISH K.
245
_a
TB. OF RADIOLOGY FOR RESIDENTS & TECHNICIANS
250
_a
4TH
260
_a
INDIA
_b
CBS
_c
2015
300
_a
628
650
_a
RADIOLOGY
942
_2
ddc
_c
BK
_0
19
999
_c
10530
_d
10530